000 00908cam a2200313 i 4500
001 0000549
003 DO-SdBPM
005 20260511134542.0
007 ta
008 260511b1998 sp |||| 00| 0 spa d
020 _a8433908723
040 _aDO-SdBPM
_bspa
_cBPMSU
_erda
080 _a
082 0 4 _a 813.5
_bC779z 1998
_222
100 1 _aCoover, Robert
_d1932-
_eautor
_4aut.
245 1 0 _aZarzarrosa /
_cRobert Coover
264 _aBarcelona :
_bAnagrama,
_c1998.
300 _a100 páginas
_c21 cm.
336 _atexto
_btxt
_2rdacontent
337 _asin mediación
_bn
_2reamedia
338 _avolumen
_bnc
_2rdacarrier
490 0 _aPanorama de narrativas ;
_v402
590 _aInventariado, 2026/VM
650 7 _aNovela juvenil estadounidense.
650 7 _aNovela erótica.
650 7 _aNovela amorosa.
910 _aVMateo V. Control de calidad. BPMSU
942 _2ddc
_cBK
999 _c10950
_d10950